[Event "Osijek-ch op"]
[Site "Osijek"]
[Date "2012.02.24"]
[Round "3"]
[White "Kovacevic, Stevo"]
[Black "Leventic, Ivan"]
[Result "0-1"]
[WhiteElo "2026"]
[BlackElo "2464"]
[PlyCount "48"]
[EventDate "2012.02.23"]
[EventType "swiss"]
[EventRounds "7"]
[EventCountry "CRO"]
[SourceTitle "EXT 2013"]
[Source "ChessBase"]
[SourceDate "2012.11.22"]
[SourceVersion "1"]
[SourceVersionDate "2012.11.22"]
[SourceQuality "1"]

1. f4 d5 2. Nf3 g6 3. e3 Bg7 4. Nc3 Nf6 5. Be2 0-0 6. b3 c5 7. 0-0 Ne4 8. Bb2 Nxc3 9. Bxc3 d4 10. Bb2 d3 11. c3 Nc6 12. Re1 dxe2 13. Qxe2 Bg4 14. d4 cxd4 15. exd4 Qd5 16. Kf2 e6 17. Rad1 Rfd8 18. Qe3 Qa5 19. a3 Qb6 20. b4 a5 21. Ra1 Bxf3 22. Qxf3 axb4 23. axb4 Rxa1 24. Rxa1 Nxb4 0-1

[Event "CRO-chT2c"]
[Site "Croatia"]
[Date "2009.10.17"]
[Round "8"]
[White "Basrak, Srdjan"]
[Black "Kovacevic, Stevo"]
[Result "1-0"]
[WhiteElo "2273"]
[BlackElo "1999"]
[PlyCount "33"]
[EventDate "2009.04.04"]
[EventType "team-tourn"]
[EventRounds "11"]
[EventCountry "CRO"]
[SourceTitle "EXT 2011"]
[Source "ChessBase"]
[SourceDate "2010.11.26"]
[SourceVersion "1"]
[SourceVersionDate "2010.11.26"]
[SourceQuality "1"]

1. e4 e6 2. d4 d5 3. e5 c5 4. c3 Nc6 5. Nf3 cxd4 6. cxd4 Qb6 7. Nc3 Nge7 8. Bd3 Nxd4 9. Nxd4 Nc6 10. Nxc6 bxc6 11. 0-0 Bd7 12. Qg4 g6 13. b3 Qc7 14. Re1 Bg7 15. Bf4 Rb8 16. Rac1 c5 17. Nxd5 1-0

[Event "CRO-chT2c"]
[Site "Croatia"]
[Date "2009.05.02"]
[Round "5"]
[White "Zubak, Zeljko"]
[Black "Kovacevic, Stevo"]
[Result "0-1"]
[WhiteElo "1972"]
[BlackElo "1981"]
[PlyCount "110"]
[EventDate "2009.04.04"]
[EventType "team-tourn"]
[EventRounds "11"]
[EventCountry "CRO"]
[SourceTitle "EXT 2010"]
[Source "ChessBase"]
[SourceDate "2010.11.25"]
[SourceVersion "1"]
[SourceVersionDate "2010.11.25"]
[SourceQuality "1"]

1. d4 f5 2. c4 Nf6 3. Nc3 e6 4. Nf3 Bb4 5. g3 Bxc3+ 6. bxc3 b6 7. Bg2 Bb7 8. 0-0 d6 9. a4 a5 10. Qb3 Qe7 11. c5 Nbd7 12. cxd6 cxd6 13. Ba3 0-0 14. Nd2 Ne4 15. Rfd1 Rab8 16. f3 Nxd2 17. Rxd2 Rfc8 18. e4 Ba6 19. Bf1 Bxf1 20. Rxf1 fxe4 21. fxe4 Nf6 22. e5 Ne4 23. Rd3 Qd7 24. exd6 Nxd6 25. Re1 Nc4 26. Bc1 h6 27. Bf4 Rb7 28. Red1 Qd5 29. Qa2 g5 30. Bc1 b5 31. axb5 Rxb5 32. Qe2 Rf8 33. Qh5 Kg7 34. h4 Nb2 35. hxg5 hxg5 36. Bxb2 Rxb2 37. R3d2 Rxd2 38. Rxd2 Rh8 39. Qg4 Qh1+ 40. Kf2 Rh2+ 41. Ke3 Qe1+ 42. Re2 Qxc3+ 43. Ke4 Rxe2+ 44. Qxe2 Qxg3 45. Qb2 Qf4+ 46. Kd3 Qf3+ 47. Kc4 Qd5+ 48. Kd3 a4 49. Qc1 Kg6 50. Qc8 Qf5+ 51. Ke3 a3 52. Qg8+ Kh5 53. Qa8 Qf4+ 54. Kd3 Kg4 55. Kc4 Qf3 0-1